Normal view
MARC view
- FINITE ELEMENT BUCKLING AND POSTBUCKLING
Entry Topical Term
001 - CONTROL NUMBER
- control field: 76245
003 - CONTROL NUMBER IDENTIFIER
- control field: NUST
005 - DATE AND TIME OF LATEST TRANSACTION
- control field: 20210628205616.0
008 - FIXED-LENGTH DATA ELEMENTS
- fixed length control field: 210628|| aca||aabn | a|a d
040 ## - CATALOGING SOURCE
- Original cataloging agency: NUST
- Transcribing agency: NUST
150 ## - HEADING--TOPICAL TERM
- Topical term or geographic name entry element: FINITE ELEMENT BUCKLING AND POSTBUCKLING
670 ## - SOURCE DATA FOUND
- Source citation: Work cat.: (NUST): Marshall, I.H Turvey, G.J 76244, Buckling and postbuckling of composite plates, 1995
